000 00782nam a2200289 a 4500
003 AR-BaBNM
005 20251128210246.0
008 082120s2002 ||||||||||||||000 | spa||
020 _a84-331-0718-6
040 _cAR-BaBNM
100 1 _aNoriega, Juan
245 0 0 _aLos indicadores de evaluación del centro docente
260 _aMadrid
_bEscuela Española
_c1996
300 _a39 p.
_bdiagr.
490 0 _aGuía escolar
_vv. 1
650 4 _aORGANIZACION ESCOLAR
650 4 _aSUPERVISION DE LOS DOCENTES
650 4 _aNORMAS
650 4 _aGUIA DEL DOCENTE
650 4 _aPLANIFICACION ESCOLAR
651 4 _aEspaña
653 _aGESTION INSTITUCIONAL
653 _aORGANIZACION DEL TIEMPO ESCOLAR
700 1 _aMuñoz, Alberto
942 _cBK
998 _cRaquel
999 _c14678
_d14678